000 00481nam a2200181Ia 4500
005 20250326143141.0
008 250326s9999 xx 000 0 und d
037 _aTextbook
040 _aFMSL
_beng
_cFMSL
041 _aeng
_2eng
084 _aX5:5.1 M1
_qFMSL
100 _aRugman A M
245 0 _aInside the multinationals
_cRugman A M
260 _aLondon
_bLondon, Croom Helm
_c1981
300 _a179p
942 _cTB
_hX5:5.1 M1
999 _c1298327
_d1298327